00473 2200181 4500001002100000005001500021008004100036020002200077035001900099041000700118082001600125090002200141100001900163245003700182260002700219300002900246650001600275INLIS00000000000166420241224112406241224||||||||| | ||| |||| || |  a978-979-094-150-2 0010-1224001664 aid0 a371.102 598 a371.102 598 DEL m0 aDelik Iskandar00aMengalalisis Sekolah Dengan SWOT adepokbArya Dutac2011 aiv, 64. : ilus, ; 25 cm. 0aIlmu Sosial